Reales ordenes y otros documentos acerca de la disolucion de la Junta Gubernativa de esta provincia
Descripción Física:
31 p. ; 20 cm
MARC
| LEADER | 00000nam a2200000Ia 4500 | ||
|---|---|---|---|
| 001 | 17517 | ||
| 003 | BGR | ||
| 005 | 20260410113646.0 | ||
| 008 | 160829s9999 xx 000 0 cat d | ||
| 080 | |a RF-15-27 | ||
| 110 | 1 | |9 70325 |a Aragó |b Junta Superior Gubernativa | |
| 245 | |a Reales ordenes y otros documentos acerca de la disolucion de la Junta Gubernativa de esta provincia | ||
| 260 | |a Zaragoza : |b Imprenta de Francisco Magallon, [1820] | ||
| 300 | |a 31 p. ; |c 20 cm | ||
| 590 | |a Prové de 25, exp. 1 | ||
| 650 | |a Saragossa |x Divisions administratives i polítiques |x S. XIX |9 24052 | ||
| 856 | 4 | |u https://media.diba.cat/diba/fitxers/arxiu/fulletons/bib_17517_1820_baixa.pdf |y Accés lliure | |
| 856 | 4 | |u https://media.diba.cat/diba/fitxers/arxiu/fulletons/bib_17517_1820_baixa.pdf |y Accés lliure | |
| 900 | |a bib_17517_1820_baixa.pdf | ||
| 901 | |a Arxiu | ||
| 942 | |n 1 |2 udc |c MON | ||
| 952 | |0 0 |1 0 |4 0 |6 RF1527 |7 1 |9 53619 |a Arxiu |b Arxiu |d 2016-12-01 |l 0 |o RF-15-27 |p 17517 |r 2016-12-01 00:00:00 |w 2016-12-01 |y ARXIU | ||
| 999 | |c 57485 |d 57485 | ||